Survey Analysis for Indigenous Policy in Australia (Record no. 351329)
[ view plain ]
| 000 -LEADER | |
|---|---|
| fixed length control field | 00735nam a2200133Ia 4500 |
| 008 - FIXED-LENGTH DATA ELEMENTS--GENERAL INFORMATION | |
| fixed length control field | 171212s9999 xx 000 0 und d |
| 020 ## - INTERNATIONAL STANDARD BOOK NUMBER | |
| International Standard Book Number | 9781922144188 |
| 245 ## - TITLE STATEMENT | |
| Statement of responsibility, etc | editor Hunter, Boyd;Biddle, Nicholas |
| Title | Survey Analysis for Indigenous Policy in Australia |
| Remainder of title | Social Sciences Perspectives |
| 260 ## - PUBLICATION, DISTRIBUTION, ETC. (IMPRINT) | |
| Name of publisher, distributor, etc | ANU E Press |
| Date of publication, distribution, etc | 2012 |
| 440 ## - SERIES STATEMENT/ADDED ENTRY--TITLE | |
| Title | Centre for Aboriginal Economic Policy Research (CAEPR) |
| 650 ## - SUBJECT ADDED ENTRY--TOPICAL TERM | |
| Topical term or geographic name as entry element | Aboriginal Australians -- Social conditions; Torres Strait Islanders -- Social conditions; Aboriginal Australians -- Economic conditions; Torres Strait Islanders -- Economic conditions; Quality of life -- Australia; Well-being -- Australia; Social surveys |
| 650 ## - SUBJECT ADDED ENTRY--TOPICAL TERM | |
| Topical term or geographic name as entry element | Sociology |
| 856 ## - ELECTRONIC LOCATION AND ACCESS | |
| Uniform Resource Identifier | <a href="www.jstor.org/stable/10.2307/j.ctt24h8br">www.jstor.org/stable/10.2307/j.ctt24h8br</a> |
| Withdrawn status | Lost status | Damaged status | Home library | Current library | Date acquired | Total Checkouts | Date last seen | Price effective from | Koha item type |
|---|---|---|---|---|---|---|---|---|---|
| College Library | College Library | 12/12/2017 | 12/12/2017 | 12/12/2017 | Curriculum - Based eBooks |